Statistics for Triple Rhymes

Click here to take the quiz!

General Stats

  • This quiz has been taken 695 times
    (643 since last reset)
  • The average score is 10 of 20

Answer Stats

HintAnswer% Correct
ResidentPresident
86%
BeverageLeverage
83%
TopicalTropical
77%
SufferingBuffering
72%
NationalRational
68%
SolutionPollution
65%
RadiumStadium
65%
LocationVocation
65%
ReceptionDeception
60%
PopulateCopulate
58%
TruculentSucculent
57%
BakeryFakery
52%
BrevityLevity
51%
SurgeryPerjury
43%
GravityCavity
41%
MollifyQualify
29%
PhysicalQuizzical
26%
PositionPhysician
22%
VacationPlacation
10%
EveryReverie
9%

Score Distribution

Percentile by Number Answered

Percent of People with Each Score

Your Score History

You have not taken this quiz since the last reset